Super aprendizaje 2000
Zapisane w:
| Główni autorzy: | , |
|---|---|
| Format: | Książka |
| Język: | hiszpański |
| Wydane: |
Barcelona
Grijalbo
1996
|
| Seria: | Colección Autoayuda y Superación
|
| Hasła przedmiotowe: | |
| Etykiety: |
Dodaj etykietę
Nie ma etykietki, Dołącz pierwszą etykiete!
|
MARC
| LEADER | 00000nam a2200000 a 4500 | ||
|---|---|---|---|
| 001 | UCQ9397 | ||
| 003 | CL-VaPUC | ||
| 008 | 981230e19960000SP |||||||||||||||||spa|d | ||
| 082 | 0 | 4 | |a 370.118 |b OST |2 21 |
| 100 | |a Ostrander, Sheila |e autora |9 582241 | ||
| 700 | 0 | |a Schroeder, Lynn |e author |9 423912 | |
| 245 | 1 | 0 | |a Super aprendizaje 2000 |
| 300 | |a 407 p | ||
| 942 | |c BK | ||
| 945 | |d 19981230 00:00:00 |a aarredon | ||
| 260 | |a Barcelona |b Grijalbo |c 1996 | ||
| 650 | 0 | |a Métodos de aprendizaje |9 334464 | |
| 650 | 0 | |a Memoria |9 266549 | |
| 650 | 0 | |a Innovaciones pedagógicas |9 307471 | |
| 650 | 0 | |a Creatividad |9 310816 | |
| 650 | 0 | |a Imaginación |9 269378 | |
| 650 | 0 | |a Aprendizaje |9 254827 | |
| 583 | |a last modification |c 19981230 00:00:00 |k Rodrigo Vera | ||
| 490 | 0 | |a Colección Autoayuda y Superación | |
| 999 | |c 278409 |d 278407 | ||
| 952 | |0 0 |1 0 |4 0 |6 370_118000000000000_OST_1996 |7 0 |8 A |9 316920 |a BIBEDU |b BIBEDU |d 2019-11-20 |i 3494918 |o 370.118 OST 1996 |p 3494918 |r 2019-11-20 |w 2019-11-20 |y BK |k BME | ||